| 000 | 00344nam a22001217a 4500 | ||
|---|---|---|---|
| 008 | 230606b xxu||||| |||| 00| 0 eng d | ||
| 082 |
_a340.1 _bMIH |
||
| 100 | _cPascal B. Mihyo | ||
| 245 | _aThe Development of Legal Philosophy | ||
| 260 |
_aNairobi,Kmpala ,Dar es Salaam _bEast African Literature Bureau _c1977 |
||
| 300 | _a187p | ||
| 942 |
_2ddc _cBK |
||
| 999 |
_c654 _d654 |
||